000 01648cam a22004814i 4500
003 PE-LiUPU
005 20250731184538.0
008 150623s r 000 0 d
020 _a080062808X
035 _a(Sirsi) i9780800628086
040 _aPE-LiUPU
_bspa
_cPE-LiUPU
_erda
049 _aPRUA
082 0 4 _a933
_bH21
_221
100 1 _aHanson, Kenneth C.,
_eautor.
245 1 0 _aPalestine in the time of Jesus :
_bsocial structures and social conflicts /
_cKenneth C. Hanson.
264 1 _aMinneapolis, MN :
_bFortress Press,
_c1998.
300 _a236 páginas :
_bilustraciones fotos, gráficos
336 _atext
_2rdacontent
337 _aunmediated
_2rdamedia
338 _avolume
_2rdacarrier
504 _aIncluye bibliografía.
505 0 _aCatching the drift. -All in the family. -Piramids of power. -The denarius stops here. -Was bigger better? -In the rearview mirror.
526 _aP136
526 _aP135
526 _aP134
526 _aP133
526 _aP144
526 _aP143
526 _aP87
526 _aP35
526 _aP20
526 _aP14
526 _aP10
526 _aP06
650 0 4 _aPalestina
_xVida social y costumbres, 70 d. C.
700 1 _aOakman, Douglas E.
942 _2ddc
_cBOOK
949 _a933 H21
_wDEWEY
_c1
_i48805
_lCCODEBUL1
_mBUL
_r0
_sY
_tBOOK
_u2015-6-24
_xTEOLOGIA
_PP35
_0COMPRA
_o.STAFF. Colección General
994 _aC0
_bPEPRU
596 _a1
999 _a933 H21
_wDEWEY
_c27964
_i48805
_f2021-11-11
_g5
_lCCODEBUL1
_mBUL
_r0
_sY
_tBOOK
_u2015-6-24
_xTEOLOGIA
_PP35
_0COMPRA
_o.STAFF. Colección General
_d27964
980 _81
_gALBERTO SANCHEZ Responsable de Automatización